000 00395nmm a2200145Ia 4500
008 251105s9999||||xx |||||||||||||||||und||
041 _aspa
100 _aBrown, Sandra
245 0 _aMaldad latente
264 _a[Madrid, España] :
_bEdiciones B,
_c2016
300 _a408 páginas
650 _aThriller & Suspense
856 _uhttps://public.digitaliapublishing.com/a/53814
942 _cCF
999 _c106119
_d106119